[Event "BCF-chT3N 1718 (4NCL)"]
[Site "England"]
[Date "2018.02.10"]
[Round "5.56"]
[White "Floresc, Petru"]
[Black "Peck, Windsor"]
[Result "1-0"]
[WhiteElo "1852"]
[BlackElo "1723"]
[PlyCount "49"]
[EventDate "2017.11.11"]
[EventType "team-swiss"]
[EventRounds "11"]
[EventCountry "ENG"]
[SourceTitle "EXT 2020"]
[Source "ChessBase"]
[SourceDate "2019.10.17"]
[SourceVersion "1"]
[SourceVersionDate "2019.10.17"]
[SourceQuality "1"]
[WhiteTeam "Cheddleton II"]
[BlackTeam "Shropshire II"]
[WhiteTeamCountry "ENG"]
[BlackTeamCountry "ENG"]

1. e4 e6 2. Nc3 d5 3. exd5 exd5 4. Nf3 c6 5. d4 Bd6 6. Bd3 Nf6 7. h3 0-0 8. 0-0 Nbd7 9. Bg5 Qc7 10. Re1 h6 11. Be3 Re8 12. Qd2 Ne4 13. Bxe4 dxe4 14. Nh4 Nf8 15. d5 f5 16. g3 g5 17. Ng2 Ng6 18. Rad1 Ne5 19. Qe2 Nf3+ 20. Kh1 Bxg3 21. Rf1 Bd7 22. Bc5 Qe5 23. dxc6 Bxc6 24. Bd6 Qe6 25. fxg3 1-0

[Event "BCF-chT3N 1718 (4NCL)"]
[Site "England"]
[Date "2018.01.13"]
[Round "3.106"]
[White "Roberts, Malcolm A"]
[Black "Peck, Windsor"]
[Result "1/2-1/2"]
[WhiteElo "1629"]
[BlackElo "1723"]
[PlyCount "107"]
[EventDate "2017.11.11"]
[EventType "team-swiss"]
[EventRounds "11"]
[EventCountry "ENG"]
[SourceTitle "EXT 2020"]
[Source "ChessBase"]
[SourceDate "2019.10.17"]
[SourceVersion "1"]
[SourceVersionDate "2019.10.17"]
[SourceQuality "1"]
[WhiteTeam "Holmes Chapel"]
[BlackTeam "Shropshire II"]
[WhiteTeamCountry "ENG"]
[BlackTeamCountry "ENG"]

1. e4 e6 2. Nf3 d5 3. exd5 exd5 4. d4 Bd6 5. Bd3 Nf6 6. h3 c6 7. 0-0 0-0 8. Nc3 Nbd7 9. Re1 Qc7 10. Bd2 b6 11. a3 Bb7 12. b4 Rae8 13. Be3 Ne4 14. Na4 f5 15. c4 Qb8 16. c5 Bc7 17. Qc2 b5 18. Nc3 a5 19. Rac1 a4 20. Nxd5 Ndxc5 21. Nxc7 Nxd3 22. Qxd3 Qxc7 23. Nd2 Qe7 24. Nxe4 Qxe4 25. Qxe4 Rxe4 26. f3 Re6 27. Bf4 Rfe8 28. Be5 Kf7 29. Kf2 Rd8 30. f4 g6 31. g4 Ree8 32. g5 Rd5 33. Re3 Re6 34. h4 Re8 35. Rh3 Rd7 36. h5 Ke6 37. hxg6 hxg6 38. Rh6 Rg8 39. Rc3 Kd5 40. Rc5+ Ke6 41. Ke3 Ba8 42. Rc2 Kd5 43. Kd3 Ke6 44. Rch2 Bb7 45. Rh8 Rdd8 46. R8h7 Bc8 47. Re2 Rd7 48. Bf6+ Kd5 49. Re5+ Kd6 50. Ree7 Rxe7 51. Rxe7 Be6 52. Rh7 Bc4+ 53. Ke3 Ba2 54. Be5+ 1/2-1/2

[Event "BCF-chT4S 1617 (4NCL)"]
[Site "England"]
[Date "2017.04.29"]
[Round "9.76"]
[White "Peck, Windsor"]
[Black "Rowles, Sarah"]
[Result "1-0"]
[WhiteElo "1547"]
[BlackElo "1540"]
[PlyCount "61"]
[EventDate "2016.11.26"]
[EventType "team-swiss"]
[EventRounds "11"]
[EventCountry "ENG"]
[SourceTitle "EXT 2019"]
[Source "ChessBase"]
[SourceDate "2018.10.10"]
[SourceVersion "1"]
[SourceVersionDate "2018.10.10"]
[SourceQuality "1"]
[WhiteTeam "Shropshire II"]
[BlackTeam "Iceni II"]
[WhiteTeamCountry "ENG"]
[BlackTeamCountry "ENG"]

1. d4 d5 2. Nf3 Nf6 3. e3 c5 4. b3 Nc6 5. Bb2 e6 6. Bd3 cxd4 7. exd4 Bd6 8. 0-0 0-0 9. a3 Qc7 10. Re1 b6 11. Nbd2 Bb7 12. Ne5 Rfd8 13. f4 Bf8 14. Re3 Ne7 15. Rc1 Nf5 16. Rh3 g6 17. g4 Ng7 18. Ndf3 Bd6 19. Ng5 Rf8 20. Qe1 h5 21. gxh5 Bxe5 22. fxe5 Nfxh5 23. Qh4 Qe7 24. Rf1 Nf5 25. Bxf5 exf5 26. Rxf5 Bc8 27. e6 Bxe6 28. Re5 Rae8 29. Rhe3 Qf6 30. Rf3 Qe7 31. Bc1 1-0

[Event "BCF-chT4S 1617 (4NCL)"]
[Site "England"]
[Date "2017.02.12"]
[Round "6.56"]
[White "Miller, Max C"]
[Black "Peck, Windsor"]
[Result "0-1"]
[WhiteElo "1462"]
[BlackElo "1547"]
[PlyCount "66"]
[EventDate "2016.11.26"]
[EventType "team-swiss"]
[EventRounds "11"]
[EventCountry "ENG"]
[SourceTitle "EXT 2019"]
[Source "ChessBase"]
[SourceDate "2018.10.10"]
[SourceVersion "1"]
[SourceVersionDate "2018.10.10"]
[SourceQuality "1"]
[WhiteTeam "MK Phoenix II"]
[BlackTeam "Shropshire II"]
[WhiteTeamCountry "ENG"]
[BlackTeamCountry "ENG"]

1. d4 d5 2. Nf3 Nf6 3. e3 e6 4. Bd3 c5 5. b3 Nc6 6. Bb2 Be7 7. a3 0-0 8. Nbd2 b6 9. 0-0 Bb7 10. Ne5 cxd4 11. exd4 Rc8 12. f4 Qc7 13. g4 Nxe5 14. fxe5 Ne4 15. Rf3 Bg5 16. Bxe4 dxe4 17. Rc3 Qd7 18. Rxc8 Rxc8 19. Nf1 Qc6 20. c4 Rd8 21. Qe2 e3 22. Ng3 Bf4 23. d5 exd5 24. Nf5 Rd7 25. Nxe3 Bxe3+ 26. Qxe3 d4 27. Qg3 d3 28. Kf2 h6 29. Rd1 d2 30. Bc3 Qe4 31. h3 Rd3 32. Rxd2 Rxg3 33. Kxg3 Qf3+ 0-1

[Event "BCF-chT4S 1617 (4NCL)"]
[Site "England"]
[Date "2016.11.27"]
[Round "2.136"]
[White "Peck, Windsor"]
[Black "Lazarevic, Ljubica"]
[Result "1/2-1/2"]
[WhiteElo "1547"]
[BlackElo "1292"]
[PlyCount "101"]
[EventDate "2016.11.26"]
[EventType "team-swiss"]
[EventRounds "11"]
[EventCountry "ENG"]
[SourceTitle "EXT 2019"]
[Source "ChessBase"]
[SourceDate "2018.10.10"]
[SourceVersion "1"]
[SourceVersionDate "2018.10.10"]
[SourceQuality "1"]
[WhiteTeam "Shropshire II"]
[BlackTeam "Wood Green III"]
[WhiteTeamCountry "ENG"]
[BlackTeamCountry "ENG"]

1. d4 d5 2. Nf3 Nf6 3. e3 Bf5 4. c4 e6 5. Nc3 c6 6. Be2 Be7 7. 0-0 0-0 8. Ne5 Nbd7 9. f4 h6 10. cxd5 exd5 11. Bd2 Bd6 12. g4 Bh7 13. Rf2 Ne4 14. Rg2 Nxe5 15. fxe5 Be7 16. Bf3 Ng5 17. Rg3 Bb4 18. a3 Bxc3 19. Bxc3 Nxf3+ 20. Qxf3 Be4 21. Qf4 g5 22. Qf6 Qxf6 23. exf6 Rfe8 24. Bb4 Re6 25. Be7 Kh7 26. Rf1 Kg6 27. Rf2 a5 28. h3 b5 29. Rh2 b4 30. h4 gxh4 31. Rxh4 bxa3 32. Bxa3 Rxf6 33. Rxh6+ Kxh6 34. g5+ Kg6 35. gxf6+ Kxf6 36. Kf2 Rh8 37. Ke1 Rh2 38. Rg8 Bd3 39. Ra8 Re2+ 40. Kd1 Rxe3 41. Kd2 Rf3 42. Rxa5 Bb5 43. Kc2 Kf5 44. Ra7 Ke4 45. Re7+ Kxd4 46. Bb4 c5 47. Bc3+ Rxc3+ 48. bxc3+ Kc4 49. Rxf7 Ba4+ 50. Kd2 Be8 51. Rf4+ 1/2-1/2

[Event "BCF-chT4S 1617 (4NCL)"]
[Site "England"]
[Date "2016.11.26"]
[Round "1.116"]
[White "Thornley, Oliver"]
[Black "Peck, Windsor"]
[Result "1/2-1/2"]
[WhiteElo "1540"]
[BlackElo "1547"]
[PlyCount "63"]
[EventDate "2016.11.26"]
[EventType "team-swiss"]
[EventRounds "11"]
[EventCountry "ENG"]
[SourceTitle "EXT 2019"]
[Source "ChessBase"]
[SourceDate "2018.10.10"]
[SourceVersion "1"]
[SourceVersionDate "2018.10.10"]
[SourceQuality "1"]
[WhiteTeam "Sandhurst Cadets"]
[BlackTeam "Shropshire II"]
[WhiteTeamCountry "ENG"]
[BlackTeamCountry "ENG"]

1. e4 e6 2. d4 d5 3. e5 c5 4. c3 Nc6 5. Nf3 Qc7 6. a3 Bd7 7. b4 cxb4 8. cxb4 Rc8 9. Bb2 Be7 10. Bd3 f6 11. 0-0 Nh6 12. Nbd2 0-0 13. Qc2 Nxe5 14. Bxh7+ Kh8 15. Qxc7 Nxf3+ 16. Nxf3 Rxc7 17. Bd3 Kg8 18. Rac1 Rfc8 19. Nd2 Nf7 20. Nb3 b6 21. b5 Nd6 22. Rxc7 Rxc7 23. a4 Kf7 24. Rc1 Rxc1+ 25. Bxc1 e5 26. Kf1 Be6 27. Ke2 Nc4 28. Kd1 Bb4 29. Kc2 Be1 30. f3 Bf2 31. Kc3 Ke8 32. Be2 1/2-1/2

[Event "BCF-chT3S 1415 (4NCL)"]
[Site "England"]
[Date "2015.02.14"]
[Round "5.110"]
[White "Peck, Windsor"]
[Black "Hewitt, Sean"]
[Result "0-1"]
[WhiteElo "1788"]
[BlackElo "1861"]
[PlyCount "134"]
[EventDate "2014.11.15"]
[EventType "team-swiss"]
[EventRounds "6"]
[EventCountry "ENG"]
[SourceTitle "EXT 2016"]
[Source "ChessBase"]
[SourceDate "2015.10.08"]
[SourceVersion "1"]
[SourceVersionDate "2015.10.08"]
[SourceQuality "1"]
[WhiteTeam "Shropshire"]
[BlackTeam "e2e4.org.uk III"]
[WhiteTeamCountry "ENG"]
[BlackTeamCountry "ENG"]

1. d4 Nf6 2. Nf3 g6 3. Nc3 Bg7 4. e4 d6 5. Be3 0-0 6. Qd2 a5 7. Bh6 Na6 8. Bxg7 Kxg7 9. h4 c5 10. d5 h5 11. 0-0-0 Ng4 12. Re1 e5 13. Nd1 Bd7 14. Ne3 Nf6 15. Nc4 Bg4 16. Kb1 b6 17. Ng5 Nh7 18. f4 Nxg5 19. fxe5 Nh7 20. Nxd6 Nc7 21. Qc3 Kg8 22. Qg3 Qd7 23. Be2 Bxe2 24. Rxe2 Ne8 25. Nc4 Qb5 26. Qb3 Qxb3 27. axb3 b5 28. Nd2 Nc7 29. Rf2 Rae8 30. Nf3 Kg7 31. Kc1 b4 32. c4 bxc3 33. bxc3 Nb5 34. Kb2 Ra8 35. c4 Nc7 36. Rhf1 Rab8 37. Ra1 Ra8 38. Kc3 Ra7 39. Rfa2 Rfa8 40. Kc2 Na6 41. Kc3 Nb4 42. Rd2 Nf8 43. Ng5 Re8 44. Nf3 Nd7 45. d6 Nc6 46. Rd5 Ncxe5 47. Nxe5 Rxe5 48. Kd3 f6 49. Ke3 Kf7 50. Kf3 Ke6 51. Rd2 Nb8 52. Rad1 Kd7 53. g4 hxg4+ 54. Kf4 Nc6 55. Rg2 g5+ 56. hxg5 Rxg5 57. Rh1 Kxd6 58. Rh4 Ne5 59. Rd2+ Ke6 60. Rd5 g3 61. Rh1 g2 62. Rg1 Rag7 63. Ke3 Rg3+ 64. Ke2 Nf3 65. Kf2 Nxg1 66. Kxg1 Rxb3 67. Rd1 Ke5 0-1

[Event "BCF-chT3 1213 (4NCL)"]
[Site "England"]
[Date "2013.05.06"]
[Round "11.226"]
[White "Purton, Benjamin"]
[Black "Peck, Windsor"]
[Result "1-0"]
[WhiteElo "2136"]
[BlackElo "1807"]
[PlyCount "100"]
[EventDate "2012.11.03"]
[EventType "team-swiss"]
[EventRounds "11"]
[EventCountry "ENG"]
[SourceTitle "EXT 2014"]
[Source "ChessBase"]
[SourceDate "2013.11.20"]
[SourceVersion "1"]
[SourceVersionDate "2013.11.20"]
[SourceQuality "1"]
[WhiteTeam "Sons of Anarchy"]
[BlackTeam "Halesowen"]
[WhiteTeamCountry "ENG"]
[BlackTeamCountry "ENG"]

1. e4 e6 2. d4 d5 3. Nd2 Nf6 4. e5 Nfd7 5. Bd3 c5 6. c3 Nc6 7. Ne2 Be7 8. 0-0 a5 9. Kh1 cxd4 10. cxd4 Nb4 11. Bb1 b5 12. f4 f5 13. exf6 Nxf6 14. Nf3 0-0 15. Ne5 Bd7 16. Ng3 Rc8 17. Qe2 Nc6 18. Be3 Bd6 19. Bd3 Nb4 20. Bb1 a4 21. a3 Nc6 22. Bd3 b4 23. Nxd7 Nxd7 24. Nh5 Nf6 25. axb4 Nxb4 26. Nxf6+ Qxf6 27. Rxa4 Nxd3 28. Qxd3 Rb8 29. Ra6 Rfd8 30. Qc2 Rbc8 31. Qb1 Rc4 32. Kg1 Qe7 33. Qa2 Rdc8 34. Ra7 R8c7 35. Rxc7 Rxc7 36. Qa8+ Kf7 37. f5 Qh4 38. fxe6+ Kxe6 39. Qg8+ Kd7 40. g3 Qe4 41. Qxg7+ Kc8 42. Qg8+ Kb7 43. Bf2 Bb4 44. Qg5 Rc2 45. Qg7+ Kc6 46. Qf6+ Kb5 47. Ra1 Rc6 48. Qh8 Rc2 49. b3 Bd6 50. Qa8 Rxf2 1-0

[Event "Sunningdale e2e4 Major op"]
[Site "Sunningdale"]
[Date "2011.05.30"]
[Round "7"]
[White "Peck, Windsor"]
[Black "Foster, Timothy"]
[Result "1-0"]
[WhiteElo "1831"]
[BlackElo "1626"]
[PlyCount "51"]
[EventDate "2011.05.27"]
[EventType "swiss"]
[EventRounds "7"]
[EventCountry "ENG"]
[SourceTitle "EXT 2023"]
[Source "ChessBase"]
[SourceDate "2022.10.05"]
[SourceVersion "1"]
[SourceVersionDate "2022.10.05"]
[SourceQuality "1"]

1. d4 Nf6 2. Nf3 e6 3. e3 b6 4. Bd3 Bb7 5. Nbd2 d5 6. 0-0 Nbd7 7. Ne5 c5 8. b3 Bd6 9. Bb2 0-0 10. f4 Ne4 11. Rf3 f6 12. Nxd7 Nxd2 13. Nxf6+ gxf6 14. Rg3+ Kh8 15. Qxd2 Qe7 16. Qe2 Rf7 17. Rf1 Rg7 18. Rff3 Rag8 19. Rxg7 Qxg7 20. Rh3 f5 21. Rg3 Qf7 22. dxc5+ e5 23. Rxg8+ Kxg8 24. cxd6 e4 25. Bb5 Bc8 26. Qf2 1-0

[Event "Sunningdale e2e4 Major op"]
[Site "Sunningdale"]
[Date "2011.05.29"]
[Round "4"]
[White "Gupta, Arul"]
[Black "Peck, Windsor"]
[Result "1-0"]
[WhiteElo "1498"]
[BlackElo "1831"]
[PlyCount "111"]
[EventDate "2011.05.27"]
[EventType "swiss"]
[EventRounds "7"]
[EventCountry "ENG"]
[SourceTitle "EXT 2023"]
[Source "ChessBase"]
[SourceDate "2022.10.05"]
[SourceVersion "1"]
[SourceVersionDate "2022.10.05"]
[SourceQuality "1"]

1. e4 e6 2. d3 d5 3. Nd2 Nf6 4. Ngf3 Nc6 5. g3 Bc5 6. Bg2 0-0 7. 0-0 a5 8. h3 a4 9. Re1 b5 10. e5 Nd7 11. Nf1 f6 12. d4 Bb6 13. exf6 Nxf6 14. Bg5 Bd7 15. Ne3 Qc8 16. Bxf6 Rxf6 17. c3 Qf8 18. Ng4 Rf5 19. Nge5 Nxe5 20. Nxe5 Be8 21. Qe2 Rd8 22. h4 Rd6 23. Bh3 Rf6 24. Ng4 Rf7 25. Ne3 Bd7 26. Bg2 c5 27. Rad1 cxd4 28. cxd4 Ba5 29. Rf1 Rb6 30. Ng4 Rf6 31. Nxf6+ Qxf6 32. Qf3 Qxf3 33. Bxf3 b4 34. b3 Rc6 35. Rc1 Rc3 36. Rxc3 bxc3 37. Rc1 axb3 38. axb3 Bb5 39. Bd1 Bd3 40. Bc2 Bb5 41. Kg2 Bb6 42. Rd1 Ba5 43. Kf3 Kf7 44. Ke3 Bb6 45. f4 h6 46. Bd3 Bc6 47. Rc1 Ba5 48. Ra1 Bb4 49. Ra6 Be8 50. Ra7+ Kf6 51. g4 g5 52. fxg5+ hxg5 53. h5 Bd6 54. h6 Bf4+ 55. Kf3 e5 56. dxe5+ 1-0

[Event "Sunningdale e2e4 Major op"]
[Site "Sunningdale"]
[Date "2011.05.29"]
[Round "5"]
[White "Peck, Windsor"]
[Black "Goldie, Thomas"]
[Result "1-0"]
[WhiteElo "1831"]
[BlackElo "1503"]
[PlyCount "73"]
[EventDate "2011.05.27"]
[EventType "swiss"]
[EventRounds "7"]
[EventCountry "ENG"]
[SourceTitle "EXT 2023"]
[Source "ChessBase"]
[SourceDate "2022.10.05"]
[SourceVersion "1"]
[SourceVersionDate "2022.10.05"]
[SourceQuality "1"]

1. d4 d5 2. Nf3 Nf6 3. e3 e6 4. Nbd2 c5 5. b3 Nc6 6. Bb2 Bd6 7. a3 Qc7 8. Bd3 0-0 9. 0-0 e5 10. dxe5 Nxe5 11. Nxe5 Bxe5 12. Bxe5 Qxe5 13. Nf3 Qd6 14. c4 Rd8 15. Qc2 dxc4 16. Bxc4 Bg4 17. Rad1 Qc6 18. Rxd8+ Rxd8 19. Ne5 Qe4 20. Qxe4 Nxe4 21. Nxg4 Nd2 22. Ra1 Nxc4 23. bxc4 f6 24. e4 Rd4 25. Ne3 Rxe4 26. Rd1 Kf7 27. Rd7+ Re7 28. Rd3 a6 29. Kf1 Re4 30. Rd7+ Re7 31. Rd8 g6 32. Ke2 f5 33. Kd2 Re4 34. Rd7+ Re7 35. Rd3 Rc7 36. Kc3 b5 37. Rd6 1-0

[Event "Sunningdale e2e4 Major op"]
[Site "Sunningdale"]
[Date "2011.05.27"]
[Round "1"]
[White "Peck, Windsor"]
[Black "Bennett, Eric"]
[Result "0-1"]
[WhiteElo "1831"]
[BlackElo "1981"]
[PlyCount "98"]
[EventDate "2011.05.27"]
[EventType "swiss"]
[EventRounds "7"]
[EventCountry "ENG"]
[SourceTitle "EXT 2023"]
[Source "ChessBase"]
[SourceDate "2022.10.05"]
[SourceVersion "1"]
[SourceVersionDate "2022.10.05"]
[SourceQuality "1"]

1. d4 d5 2. Nf3 c6 3. e3 g6 4. b3 Bg7 5. Bb2 Nh6 6. Nbd2 0-0 7. Be2 Nd7 8. 0-0 f6 9. e4 e5 10. Ba3 Re8 11. Bb2 Nf7 12. Re1 dxe4 13. Nxe4 f5 14. Ng3 e4 15. Ne5 Ndxe5 16. dxe5 Bxe5 17. Bxe5 Nxe5 18. Qxd8 Rxd8 19. Rad1 Be6 20. h4 h6 21. Rxd8+ Rxd8 22. Rd1 Rxd1+ 23. Bxd1 Kf7 24. Kf1 Kf6 25. Ke1 Bf7 26. Kd2 g5 27. hxg5+ hxg5 28. Be2 Bg6 29. f3 exf3 30. gxf3 f4 31. Nf1 Bf5 32. Nh2 c5 33. Bb5 Bh3 34. Be8 Ke7 35. Bh5 Kd6 36. Kc3 Bf5 37. Kd2 Ke7 38. Kc3 Bd7 39. b4 Kd6 40. a3 b6 41. Nf1 g4 42. fxg4 Bxg4 43. Bxg4 Nxg4 44. Kd2 Kd5 45. Kd3 f3 46. c4+ Ke5 47. Nd2 f2 48. Nf1 Kf4 49. Ke2 Ke4 0-1

[Event "BCF-chT3 0910 (4NCL)"]
[Site "England"]
[Date "2010.05.03"]
[Round "11.5"]
[White "Peck, Windsor"]
[Black "Langham, Rod E"]
[Result "1/2-1/2"]
[WhiteElo "1856"]
[BlackElo "1786"]
[PlyCount "201"]
[EventDate "2009.10.24"]
[EventType "team-tourn"]
[EventRounds "11"]
[EventCountry "ENG"]
[SourceTitle "EXT 2011"]
[Source "ChessBase"]
[SourceDate "2010.11.26"]
[SourceVersion "1"]
[SourceVersionDate "2010.11.26"]
[SourceQuality "1"]
[WhiteTeam "Halesowen"]
[BlackTeam "Oxford III"]
[WhiteTeamCountry "ENG"]
[BlackTeamCountry "ENG"]

1. d4 d5 2. Nf3 e6 3. e3 Bd6 4. Bd3 f5 5. b3 Qe7 6. Bb2 Nd7 7. c4 c6 8. Nbd2 Ngf6 9. Ne5 0-0 10. h4 Ne4 11. a3 Qf6 12. f4 Qh6 13. g4 Bxe5 14. dxe5 Ndc5 15. Bc2 Nxd2 16. g5 Qg6 17. h5 Qe8 18. Kxd2 dxc4 19. bxc4 b5 20. Bd4 Qe7 21. Kc3 Bb7 22. Bxc5 Qxc5 23. Qd4 Qxd4+ 24. exd4 bxc4 25. h6 g6 26. Kxc4 c5 27. Rhd1 Bd5+ 28. Kc3 cxd4+ 29. Rxd4 Rfc8+ 30. Kd2 Rc7 31. Rb1 Rac8 32. Rb2 Rc5 33. Rdb4 Kf7 34. Rb8 Rxc2+ 35. Rxc2 Rxb8 36. Rc7+ Kg8 37. Rxa7 Ra8 38. Rxa8+ Bxa8 39. Kc3 Kf7 40. Kb4 Ke7 41. Kc5 Kd7 42. a4 Kc7 43. a5 Be4 44. a6 Bd3 45. a7 Be4 46. Kb5 Bd5 47. Ka6 Bc4+ 48. Ka5 Kb7 49. Kb4 Bd5 50. Kc5 Kc7 51. Kb5 Kb7 52. Kc5 Bc6 53. Kb4 Kb6 54. Kc4 Bd5+ 55. Kb4 Bc6 56. Kc4 Be4 57. Kb4 Bd5 58. Ka4 Kc5 59. Ka5 Bb7 60. Ka4 Kd4 61. Kb5 Ke4 62. Kc5 Kxf4 63. Kd6 Kxg5 64. Kxe6 f4 65. Kd6 f3 66. e6 f2 67. e7 f1Q 68. e8Q Qf4+ 69. Kc5 Qc7+ 70. Kb5 Kxh6 71. a8Q Bxa8 72. Qxa8 Qe5+ 73. Kc4 Qf4+ 74. Kd3 g5 75. Ke2 Kh5 76. Qh1+ Kg6 77. Qc6+ Qf6 78. Qe4+ Qf5 79. Qe8+ Kh6 80. Qc6+ Qg6 81. Qa8 Qh5+ 82. Kf2 Qh4+ 83. Kg1 Qg3+ 84. Kf1 Qf4+ 85. Kg1 Kh5 86. Qh1+ Qh4 87. Qb7 Qg4+ 88. Kf2 Qf5+ 89. Kg1 g4 90. Qh1+ Kg5 91. Qg2 h5 92. Qd2+ Qf4 93. Qd8+ Qf6 94. Qd2+ Kg6 95. Qd3+ Kg5 96. Qd2+ Kf5 97. Qd3+ Ke6 98. Qa6+ Kf7 99. Qb7+ Kg8 100. Qa8+ Kh7 101. Qe4+ 1/2-1/2

[Event "BCF-chT3 0910 (4NCL)"]
[Site "England"]
[Date "2010.02.20"]
[Round "5.5"]
[White "Reddiar, Gautham"]
[Black "Peck, Windsor"]
[Result "0-1"]
[WhiteElo "1746"]
[BlackElo "1856"]
[PlyCount "116"]
[EventDate "2009.10.24"]
[EventType "team-tourn"]
[EventRounds "11"]
[EventCountry "ENG"]
[SourceTitle "EXT 2011"]
[Source "ChessBase"]
[SourceDate "2010.11.26"]
[SourceVersion "1"]
[SourceVersionDate "2010.11.26"]
[SourceQuality "1"]
[WhiteTeam "KJCA Knights"]
[BlackTeam "Halesowen"]
[WhiteTeamCountry "ENG"]
[BlackTeamCountry "ENG"]

1. e4 e6 2. d4 d5 3. e5 c5 4. c3 Ne7 5. Nf3 Nec6 6. Be2 Nd7 7. 0-0 Be7 8. Re1 0-0 9. Nbd2 Qb6 10. Nf1 cxd4 11. cxd4 Bb4 12. Bd2 Nxd4 13. Bxb4 Nxe2+ 14. Rxe2 Qxb4 15. Rc1 b6 16. Rc3 Nc5 17. Ng3 Bb7 18. a3 Qa4 19. Qxa4 Nxa4 20. Rc7 Ba6 21. Rec2 Rac8 22. h3 Nc5 23. Rxa7 Ra8 24. Rxa8 Rxa8 25. Nd4 Rc8 26. b4 Nd3 27. Rxc8+ Bxc8 28. Nf3 Ba6 29. Nf1 Bc4 30. Ne3 Kf8 31. Nxc4 dxc4 32. Kf1 Ke7 33. g3 Kd7 34. b5 f6 35. exf6 gxf6 36. Ke2 Kd6 37. Nd2 Kd5 38. Ke3 f5 39. f4 e5 40. Nb1 exf4+ 41. gxf4 Kc5 42. Nc3 h6 43. Ne2 Ne1 44. Ng3 Ng2+ 45. Kd2 Nxf4 46. Nxf5 Kxb5 47. Nxh6 Nxh3 48. Kc3 Nf4 49. Nf5 Kc5 50. Ne3 Nd5+ 51. Nxd5 Kxd5 52. Kc2 b5 53. Kd2 Kd4 54. Kc2 c3 55. Kc1 Kd3 56. Kd1 c2+ 57. Kc1 Kc3 58. a4 b4 0-1

[Event "BCF-chT3 0809 (4NCL)"]
[Site "Hinckley Island"]
[Date "2009.05.03"]
[Round "10.5"]
[White "Pritchard, Abigail"]
[Black "Peck, Windsor"]
[Result "1-0"]
[WhiteElo "1590"]
[BlackElo "1845"]
[PlyCount "69"]
[EventDate "2008.10.18"]
[EventType "team-swiss"]
[EventRounds "11"]
[EventCountry "ENG"]
[SourceTitle "EXT 2010"]
[Source "ChessBase"]
[SourceDate "2010.11.25"]
[SourceVersion "1"]
[SourceVersionDate "2010.11.25"]
[SourceQuality "1"]
[WhiteTeam "AMCA Hippos"]
[BlackTeam "Halesowen"]
[WhiteTeamCountry "ENG"]
[BlackTeamCountry "ENG"]

1. e4 e6 2. d4 d5 3. Nc3 Nf6 4. Bg5 Be7 5. Bxf6 Bxf6 6. Nf3 Nd7 7. exd5 Nb6 8. Bb5+ Kf8 9. dxe6 Bxe6 10. h3 c6 11. Be2 Nd5 12. Ne4 Be7 13. 0-0 Rb8 14. c3 f5 15. Ng3 Qc7 16. Ne5 Bd6 17. f4 Ne3 18. Qd3 Nxf1 19. Nxf5 Bxe5 20. fxe5 Bxf5 21. Qxf5+ Qf7 22. Qd3 Ke7 23. Rxf1 Qe6 24. Qg3 Rhg8 25. Qg5+ Ke8 26. Bh5+ g6 27. Rf6 Qxa2 28. Bg4 Rg7 29. Re6+ Kf8 30. Rf6+ Ke8 31. Be6 Qxb2 32. Qh6 Qxc3 33. Qxg7 Qxd4+ 34. Rf2 Kd8 35. Kh2 1-0

[Event "BCF-chT3 0809 (4NCL)"]
[Site "Hinckley Island"]
[Date "2009.05.02"]
[Round "9.5"]
[White "Harrison, Peter K"]
[Black "Peck, Windsor"]
[Result "0-1"]
[WhiteElo "1680"]
[BlackElo "1845"]
[PlyCount "70"]
[EventDate "2008.10.18"]
[EventType "team-swiss"]
[EventRounds "11"]
[EventCountry "ENG"]
[SourceTitle "EXT 2010"]
[Source "ChessBase"]
[SourceDate "2010.11.25"]
[SourceVersion "1"]
[SourceVersionDate "2010.11.25"]
[SourceQuality "1"]
[WhiteTeam "Leicester III"]
[BlackTeam "Halesowen"]
[WhiteTeamCountry "ENG"]
[BlackTeamCountry "ENG"]

1. d4 d5 2. Nf3 e6 3. c4 c6 4. e3 Nf6 5. Nc3 Nbd7 6. Qc2 Be7 7. Bd3 0-0 8. 0-0 b6 9. cxd5 exd5 10. Ne5 Bb7 11. f4 c5 12. Rf3 Re8 13. Rg3 Rc8 14. Bf5 cxd4 15. exd4 Rc7 16. Nxd7 Nxd7 17. Bxh7+ Kf8 18. Qf5 Bh4 19. Re3 Rxe3 20. Bxe3 Qe7 21. Bf2 Bxf2+ 22. Kxf2 Qb4 23. Rb1 Qxd4+ 24. Kf3 Qf6 25. Kg3 g6 26. Qh3 Kg7 27. Nb5 Rc4 28. Rf1 Nc5 29. Nc3 Rxc3+ 30. bxc3 Qxc3+ 31. Rf3 Ne4+ 32. Kg4 Bc8+ 33. f5 Qd2 34. Qh4 Qxg2+ 35. Kf4 g5+ 0-1

[Event "BCF-chT3 0809 (4NCL)"]
[Site "Hinckley Island"]
[Date "2009.02.08"]
[Round "6.5"]
[White "Peck, Windsor"]
[Black "Barr, Gabriel"]
[Result "0-1"]
[WhiteElo "1845"]
[BlackElo "1820"]
[PlyCount "68"]
[EventDate "2008.10.18"]
[EventType "team-swiss"]
[EventRounds "11"]
[EventCountry "ENG"]
[SourceTitle "EXT 2010"]
[Source "ChessBase"]
[SourceDate "2010.11.25"]
[SourceVersion "1"]
[SourceVersionDate "2010.11.25"]
[SourceQuality "1"]
[WhiteTeam "Halesowen"]
[BlackTeam "Mindsports"]
[WhiteTeamCountry "ENG"]
[BlackTeamCountry "ENG"]

1. d4 f5 2. Bg5 h6 3. Bh4 g5 4. e4 Bg7 5. Qh5+ Kf8 6. Qg6 fxe4 7. Qf5+ Nf6 8. Bg3 d5 9. Qg6 Nc6 10. Be5 Nxe5 11. dxe5 Ng4 12. e6 Ne5 13. Qf5+ Ke8 14. Be2 Qd6 15. Bh5+ Kd8 16. Qh3 Bxe6 17. Qg3 Qb4+ 18. Nd2 Qxb2 19. Rd1 Qxc2 20. Be2 Kc8 21. Qb3 Qxb3 22. Nxb3 c6 23. Nd4 Bd7 24. Nb3 Ng6 25. Kd2 Rf8 26. f3 exf3 27. gxf3 Nf4 28. Nc5 e5 29. Rb1 b6 30. Nd3 Nxe2 31. Kxe2 Bf5 32. Rc1 Bxd3+ 33. Kxd3 Kb7 34. Ke2 Rae8 0-1

[Event "BCF-chT4 0607 (4NCL)"]
[Site "Sunningdale"]
[Date "2007.05.28"]
[Round "11.103"]
[White "Davies, Peter L"]
[Black "Peck, Windsor"]
[Result "1-0"]
[WhiteElo "1993"]
[BlackElo "1860"]
[PlyCount "49"]
[EventDate "2006.09.16"]
[EventType "team"]
[EventRounds "11"]
[EventCountry "ENG"]
[SourceTitle "EXT 2008"]
[Source "ChessBase"]
[SourceDate "2007.11.25"]
[SourceVersion "1"]
[SourceVersionDate "2007.11.25"]
[SourceQuality "1"]
[WhiteTeam "Pontypridd"]
[BlackTeam "Halesowen"]
[WhiteTeamCountry "ENG"]
[BlackTeamCountry "ENG"]

1. c4 e6 2. Nf3 d5 3. g3 c6 4. Bg2 Nf6 5. 0-0 Bd6 6. d4 0-0 7. Nc3 Nbd7 8. cxd5 exd5 9. e4 dxe4 10. Ng5 Be7 11. Ngxe4 Nxe4 12. Nxe4 Nf6 13. Nc3 Be6 14. Bg5 Qd7 15. Qa4 Rfe8 16. Bxf6 Bxf6 17. d5 Bxc3 18. dxe6 Qxe6 19. bxc3 Qe5 20. Qb3 Qc7 21. Rad1 Re7 22. Qc4 Rae8 23. Bf3 g6 24. Qd4 f6 25. Qxa7 1-0